| 000 | 00631nam a22001817a 4500 | ||
|---|---|---|---|
| 005 | 2009040600220.0 | ||
| 008 | 090406t xxu||||| |||| 00| 0 eng d | ||
| 022 | _a0972-1428 | ||
| 040 | _adpl | ||
| 245 |
_aInsight _bthe consumer magazine |
||
| 260 |
_aAhmedabad _bConsumer Education and Research Society _c2009- |
||
| 300 |
_av. _c28 cm |
||
| 310 | _abi-monthly | ||
| 650 | _aconsumer | ||
| 270 |
_aThaltej, Sarkhej-Gandhinagar highway, _bAhmedabad _e380054 _k07-9-27489945/46 _l079-27489947 _mcerc@cercindia.org |
||
| 942 |
_2ddc _cSR _s1 |
||
| 999 |
_c25653 _d25653 |
||